Tratado de los compuestos castellanos / (Record no. 163603)

MARC details
000 -LEADER
campo de control de longitud fija 00681nam a22001935i 4500
001 - NÚMERO DE CONTROL
campo de control 163603
003 - IDENTIFICADOR DE NÚMERO DE CONTROL
campo de control ES-MaACL
005 - FECHA Y HORA DE LA ÚLTIMA TRANSACCIÓN
campo de control 20230906212756.0
008 - DATOS DE LONGITUD FIJA--INFORMACIÓN GENERAL
campo de control de longitud fija 990129s1878 ve |||| | spa d
040 ## - FUENTE DE CATALOGACIÓN
Centro catalogador/agencia de origen CCPB | B
Lengua de catalogación spa
Centro/agencia transcriptor CCPB | B
100 1# - ENTRADA PRINCIPAL--NOMBRE DE PERSONA
Nombre de persona Rivodo, B.
9 (RLIN) 131874
245 10 - MENCIÓN DEL TÍTULO
Título Tratado de los compuestos castellanos /
Mención de responsabilidad, etc. por B. Rivodo.
260 ## - PUBLICACIÓN, DISTRIBUCIÓN, ETC.
Lugar de publicación, distribución, etc. Caracas :
Nombre del editor, distribuidor, etc. Fausto Teodoro de Aldrey,
Fecha de publicación, distribución, etc. 1878 (
Fabricante Imprenta de vapor de "La Opinión Nacional")
300 ## - DESCRIPCIÓN FÍSICA
Extensión v. ;
Dimensiones 21 cm.
505 8# - NOTA DE CONTENIDO CON FORMATO
Nota de contenido con formato Contiene: T. I. Latino-Castellana
597 #1 - NOTA DE DESCRIPCIÓN FÍSICA
NOTA DE DESCRIPCIÓN FÍSICA Vol. I (335, VI p.)
650 #4 - PUNTO DE ACCESO ADICIONAL DE MATERIA--TÉRMINO DE MATERIA
Término de materia o nombre geográfico como elemento de entrada Lengua española-
Subdivisión general Gramática.
9 (RLIN) 14161
852 ## - LOCALIZACIÓN
Ubicación ES-MaACL
Número de control de estantería B-4457
Nota libre -- Enc. tela
condición física -- Sólo parte primera
Holdings
Estatus retirado Estado de pérdida Estado de daño No para préstamo Colección Biblioteca de origen Biblioteca actual Ubicación en estantería Fecha de adquisición Fuente de adquisición Total de préstamos Signatura topográfica completa Código de barras Visto por última vez Precio de reemplazo Tipo de ítem Koha
        Libros del s. XIX Biblioteca del Ateneo de Madrid Biblioteca del Ateneo de Madrid Sala Pardo Bazán 17/01/2008     B-4457 1171442 23/02/2023 23/02/2023 Libro impreso antiguo